[Event "AUS-ch reserves"]
[Site "Melbourne"]
[Date "2001.12.31"]
[Round "4"]
[White "Machet, Richard"]
[Black "Dragic, Phillip"]
[Result "1-0"]
[WhiteElo "1526"]
[BlackElo "1667"]
[PlyCount "39"]
[EventDate "2001.12.28"]
[EventType "swiss"]
[EventRounds "11"]
[EventCountry "AUS"]
[SourceTitle "EXT 2003"]
[Source "ChessBase"]
[SourceDate "2002.11.25"]
[SourceVersion "1"]
[SourceVersionDate "2002.11.25"]
[SourceQuality "1"]

1. e4 c5 2. Nf3 d6 3. d4 cxd4 4. Nxd4 Nf6 5. Nc3 a6 6. f4 e6 7. Be3 Nbd7 8. Qf3 Be7 9. g4 h5 10. g5 Ng8 11. Rg1 g6 12. 0-0-0 Qc7 13. f5 Ne5 14. Qf4 exf5 15. exf5 Bxf5 16. Nxf5 gxf5 17. Qxf5 Rc8 18. Bh3 Rd8 19. Qf2 Nd7 20. Rgf1 1-0

[Event "AUS-ch reserves"]
[Site "Melbourne"]
[Date "2001.12.28"]
[Round "1"]
[White "Dragic, Phillip"]
[Black "Wright, Neil"]
[Result "1/2-1/2"]
[WhiteElo "1667"]
[BlackElo "2157"]
[PlyCount "76"]
[EventDate "2001.12.28"]
[EventType "swiss"]
[EventRounds "11"]
[EventCountry "AUS"]
[SourceTitle "EXT 2003"]
[Source "ChessBase"]
[SourceDate "2002.11.25"]
[SourceVersion "1"]
[SourceVersionDate "2002.11.25"]
[SourceQuality "1"]

1. d4 Nf6 2. c4 g6 3. Nc3 d5 4. cxd5 Nxd5 5. e4 Nxc3 6. bxc3 Bg7 7. Bc4 c5 8. Ne2 Nc6 9. Be3 0-0 10. h3 cxd4 11. cxd4 b5 12. Bd5 Bb7 13. 0-0 e6 14. Bxc6 Bxc6 15. Ng3 f5 16. Qb3 Qe8 17. Ne2 Bxe4 18. Nf4 Rf6 19. h4 Kh8 20. Rac1 Bc6 21. Rc2 Rc8 22. Rfc1 Bd7 23. Rxc8 Bxc8 24. Rc5 a6 25. Qc3 Bb7 26. Nd3 Rf8 27. Bf4 Qd7 28. Ne5 Qd8 29. Rc7 Qxh4 30. Bg3 Qe4 31. f3 Qb1+ 32. Kh2 Bd5 33. Ra7 f4 34. Bh4 Bxe5 35. dxe5 g5 36. Bxg5 Qg6 37. Qc7 Kg8 38. Bf6 Qg3+ 1/2-1/2